000 00434nam a22001697a 4500
005 20230112121551.0
008 220209b ||||| |||| 00| 0 eng d
020 _a978-93-86700-96-4
041 _aeng
082 _a612
100 _aBHISE, DR.S.B AND YADAV, DR. A.V
_96998
245 _aHUMAN ANATOMY AND PHYSIOLOGY- I
260 _aPUNE
_bNIRALI PRAKASHAN
300 _aP.7;p
650 _aPHARMACY
_xB.PHARMA
_97083
942 _cBK
999 _c7872
_d7870